Текст томруулах:    
Business in action (Бичлэгийн дугаар. 145858)
000 -УДИРДЛАГА
Удирдлага 01047nam a22003257a 4500
003 - ХЯНАЛТЫН ТОО ТОДОРХОЙЛОГЧ
Код MN-UlNUM
005 - БИЧИЛТ ХИЙСЭН ОГНОО
Тухайн бичилтийг бичсэн засварласан сүүлийн огноо 20251205120804.0
008 - ЕРӨНХИЙ МЭДЭЭЛЭЛ
Ерөнхий мэдээлэл 251205s1984 nyu|b||| |||| 001 0 eng |
020 ## - ISBN
ISBN 0070055157
040 ## - БИЧЛЭГ ҮҮСГЭГЧ БАЙГУУЛЛАГА
Бичлэг үүсгэгч номын сангийн код МУИС-ийн номын сан
084 ## - ББК АНГИЛАЛ
Нэмэлт тусгалт Сурах бичиг
ББК ангилал 65.290-2
Зохиогчийн гурван тэмдэгт B 56
Мэдлэгийн ялгаа 65 - Эдийн засаг
100 1# - ЗОХИОГЧ
Зохиогчийн нэр Bittel, Lester R.
245 10 - ҮНДСЭН ГАРЧИГ
Номын нэр Business in action
Бага гарчгийн мэдээ an introduction to business
Оролцогчдын тухай мэдээ Lester R. Bittel, Ronald S. Burke, R. Lawrence LaForge.
250 ## - ДАХИН ХЭВЛЭЛТ
Дахин гаралтын дугаар 2nd ed.
260 ## - ГАРАЛТЫН МЭДЭЭ
Хэвлэгдсэн газар New York :
Хэвлэлийн газар Gregg Division/McGraw Hill,
Хэвлэгдсэн он 1984.
300 ## - МАТЕРИАЛЫН ТОДОРХОЙЛОЛТ
хуудасны тоо xiv, 530 p. ;
Хэмжээ 26 cm.
500 ## - Тайлбар
Дансны дугаар БС 4535
546 ## - ХЭЛНИЙ ТУХАЙ МЭДЭЭ
Хэл Англи хэл дээр,
653 ## - Түлхүүр үг
Түлхүүр үг business enterprises
653 ## - Түлхүүр үг
Түлхүүр үг industrial management
700 1# - ХАМ ЗОХИОГЧИД
Ба бус Burke, Ronald S.
700 1# - ХАМ ЗОХИОГЧИД
Ба бус LaForge, R. Lawrence.
740 ## - НОМЫН ГАРЧИГ
Гарчиг The Business system in the united states
740 ## - НОМЫН ГАРЧИГ
Гарчиг The American economic system
740 ## - НОМЫН ГАРЧИГ
Гарчиг The American Business environment
740 ## - НОМЫН ГАРЧИГ
Гарчиг The Legal forms of business ownership
942 ## - ЭЛЕМЕНТИЙН ТӨРӨЛ
Зүйлийн төрөл Ном